LEADER 01029nam0-22003371i-450- 001 990000161110403321 005 20070620133452.0 010 $a88-7146-028-6 035 $a000016111 035 $aFED01000016111 035 $a(Aleph)000016111FED01 035 $a000016111 100 $a20020821d1991----km-y0itay50------ba 101 0 $aita 105 $ay-------001yy 200 1 $aEdifici antisismici con struttura intelaiata in C.A.$econ programmi per il calcolo di telai piani e spaziali$fAurelio Ghersi. 205 $a5 ed. 210 $aNapoli$cCuen$d1991 215 $a475 p.$cill.$d24 cm + floppy disk 610 0 $aCostruzioni antisismiche 676 $a693.852 700 1$aGhersi,$bAurelio$f<1951- >$0332635 801 0$aIT$bUNINA$gRICA$2UNIMARC 901 $aBK 912 $a990000161110403321 952 $a13 D 32 06$b12533$fFINBC 952 $a07 B-394 MU.$b4892/307$fDINSC 959 $aFINBC 959 $aDINSC 996 $aEdifici antisismici con struttura intelaiata in C.A$9121691 997 $aUNINA LEADER 00938nam0-22002891--450- 001 990009770240403321 005 20131007160355.0 035 $a000977024 035 $aFED01000977024 035 $a(Aleph)000977024FED01 035 $a000977024 100 $a20131007d1961----km-y0itay50------ba 101 0 $afre 102 $aEG 105 $a--------001yy 200 1 $a<>archives de Sarapion et de ses fils$eune exploitation agricole aux environs d'Hermoupolis Magna (de 90 à 133 p.C.)$fpar Jacques Schwartz 210 $aLe Caire$cInstitut français d'archéologie orientale$d1961 215 $aVII, 368 p.$c9 c. di tav.$d28 cm 225 1 $aBibliothèque d'étude$v29 700 1$aSchwartz,$bJacques$0186607 801 0$aIT$bUNINA$gRICA$2UNIMARC 901 $aBK 912 $a990009770240403321 952 $aIV ZP 51$b70180$fFGBC 959 $aFGBC 996 $aArchives de Sarapion et de ses fils$9832133 997 $aUNINA